[Event "GER-ch Rapid Amateurs"]
[Site "Dinkelsbuehl"]
[Date "2023.11.12"]
[Round "8"]
[White "Sviridov, Vitaliy"]
[Black "Santandreu Tost, Josep"]
[Result "1/2-1/2"]
[WhiteElo "1537"]
[BlackElo "1443"]
[PlyCount "124"]
[EventDate "2023.11.11"]
[EventType "swiss (rapid)"]
[EventRounds "9"]
[EventCountry "GER"]
[SourceTitle "CBM 217 Extra"]
[Source "ChessBase"]
[SourceDate "2024.01.31"]
[SourceVersion "1"]
[SourceVersionDate "2024.01.31"]
[SourceQuality "1"]

1. d4 d5 2. Bf4 e6 3. e3 Bd6 4. Qg4 Bxf4 5. Qxf4 Nf6 6. Bd3 Nc6 7. c3 Qd6 8. Qg5 0-0 9. Nf3 h6 10. Qh4 e5 11. dxe5 Nxe5 12. Nxe5 Qxe5 13. 0-0 Bf5 14. Bxf5 Qxf5 15. Qa4 c6 16. Nd2 Ne4 17. Nxe4 Qxe4 18. Qb3 Rab8 19. Rad1 Rfd8 20. Rd4 Qe5 21. Rfd1 Qc7 22. Rg4 Qe7 23. Rdd4 Rd6 24. Qa3 a6 25. Rg3 Re6 26. Qb3 Re4 27. Qd1 Rxd4 28. Qxd4 f6 29. Qg4 Rd8 30. Qg6 Kh8 31. h3 Rd7 32. Qg4 c5 33. Kh2 Qd6 34. Qg6 Qe7 35. Rg4 Qe5+ 36. g3 Qe7 37. Rf4 Qf7 38. Qf5 Kg8 39. Rg4 b6 40. Qf4 Kh7 41. Qf5+ Kh8 42. Rf4 Qe7 43. h4 Kg8 44. g4 Rd8 45. Qg6 Qf7 46. Qd3 Qe6 47. Kg2 Qe5 48. Qxa6 Qd6 49. Qd3 Rd7 50. Qg6 Kh8 51. a3 Qe7 52. Ra4 Ra7 53. Rf4 Rd7 54. Rf3 d4 55. Qd3 dxc3 56. Qxc3 Qe4 57. Kg3 Rd1 58. Qb3 Rg1+ 59. Kh2 Qxf3 60. Kxg1 Qxg4+ 61. Kf1 Qxh4 62. Qxb6 Qh1+ 1/2-1/2

[Event "La Balanguera Nadal op"]
[Site "La Balanguera"]
[Date "2021.12.10"]
[Round "1"]
[White "Vicens Company, Maria Antonia"]
[Black "Santandreu Tost, Josep"]
[Result "0-1"]
[WhiteElo "1846"]
[BlackElo "1328"]
[PlyCount "120"]
[EventDate "2021.12.10"]
[EventType "swiss"]
[EventRounds "5"]
[EventCountry "ESP"]
[SourceTitle "EXT 2023"]
[Source "ChessBase"]
[SourceDate "2022.10.05"]
[SourceVersion "1"]
[SourceVersionDate "2022.10.05"]
[SourceQuality "1"]

1. e4 e5 2. d4 exd4 3. Qxd4 Nc6 4. Qe3 Nf6 5. Bc4 d6 6. Nf3 Be6 7. Bxe6 fxe6 8. Qb3 Qc8 9. Ng5 Nd4 10. Qa4+ Nc6 11. Qc4 d5 12. exd5 exd5 13. Qe2+ Be7 14. Ne6 Kf7 15. Ng5+ Kg8 16. 0-0 h6 17. Nf3 Kh7 18. Qd3+ g6 19. Re1 Re8 20. h3 Bf8 21. Be3 Ne5 22. Nxe5 Rxe5 23. Nc3 c6 24. Bd4 Re6 25. Ne2 Bd6 26. c4 Qd7 27. Nc3 Rae8 28. Rxe6 Qxe6 29. cxd5 Nxd5 30. Nxd5 Qxd5 31. Qb3 Qxb3 32. axb3 a6 33. Kf1 Bb4 34. Be3 Kg7 35. Rd1 Re7 36. Rd8 h5 37. Ke2 Bc5 38. Kf3 Bxe3 39. fxe3 Kf6 40. Rd6+ Re6 41. Rd4 g5 42. Rd7 Re7 43. Rd8 Kg6 44. e4 Kf6 45. g3 Rf7 46. Ke3 Re7 47. Kd4 h4 48. Rd6+ Re6 49. e5+ Ke7 50. gxh4 gxh4 51. Rxe6+ Kxe6 52. Ke4 a5 53. Kf4 b5 54. Kg4 Kxe5 55. Kxh4 c5 56. Kg3 c4 57. bxc4 bxc4 58. h4 c3 59. bxc3 a4 60. h5 a3 0-1

[Event "Palma Bellon Memorial U18"]
[Site "Palma"]
[Date "2017.09.01"]
[Round "2.5"]
[White "Canyelles Sureda, Joan"]
[Black "Santandreu Tost, Josep"]
[Result "1/2-1/2"]
[WhiteElo "1331"]
[BlackElo "1247"]
[PlyCount "75"]
[EventDate "2017.09.01"]
[EventType "swiss"]
[EventRounds "5"]
[EventCountry "ESP"]
[SourceTitle "EXT 2024"]
[Source "ChessBase"]
[SourceDate "2023.10.10"]
[SourceVersion "1"]
[SourceVersionDate "2023.10.10"]
[SourceQuality "1"]

1. d4 d5 2. Nf3 e6 3. g3 Nf6 4. Bg2 h6 5. 0-0 Bd6 6. c4 0-0 7. Nc3 Re8 8. Re1 Nc6 9. e4 dxe4 10. Nxe4 Nxe4 11. Rxe4 b6 12. Re2 Rb8 13. Be3 Bb7 14. a3 a5 15. Qd3 e5 16. dxe5 Nxe5 17. Nxe5 Bxg2 18. Kxg2 Bxe5 19. Qxd8 Rbxd8 20. Rae1 Kf8 21. Bc5+ Bd6 22. Bxd6+ cxd6 23. Rxe8+ Rxe8 24. Rd1 Ke7 25. Kf3 Rd8 26. Ke4 Ke6 27. Rd5 Rc8 28. b3 Rc5 29. Rxc5 dxc5 30. g4 g6 31. f4 f5+ 32. gxf5+ gxf5+ 33. Kf3 Kf6 34. h4 Kg6 35. Kg3 Kh5 36. Kh3 Kg6 37. Kg3 h5 38. a4 1/2-1/2